Statistics for Best Desperate Housewives Quiz

Click here to take the quiz!

General Stats

  • This quiz has been taken 669 times
  • The average score is 6 of 15

Answer Stats

HintAnswer% Correct
Bree's addictionAlcohol
80%
Mike's occupationPlumber
80%
The father of Julie's babyPorter
76%
Who Carlos named his first daughter afterHis mother
66%
Who made the fire at the nightclubDave
56%
Paul Young's first wifeMary Alice Young
55%
The names of Lynette and Tom's twinsPorter and Preston
53%
Beth Young's motherFelicia
44%
What Dave Williams change his last name fromDash
43%
The name of Edie's sonTravers
27%
Ramon Sanchez's real nameAlejandro Perez
23%
Bree's last husbanndTrip
22%
The name of Tom and Lynette's pizzeriaScavo Pizzeria
8%
The pie that Karen Mccluskey made better than BreeRhubarb
7%
The occupation of ^Crime Lawyer
1%

Score Distribution

Percentile by Number Answered

Percent of People with Each Score

Your Score History

You have not taken this quiz